FAO and IBPGR technical guielines for the safe movement of legume germplasm

Đã lưu trong:
Sonraí Bibleagrafaíochta
Príomhúdar: IBPGR
Formáid: Leabhar
Teanga:Undetermined
Foilsithe: Rome FAO
Ábhair:
Clibeanna: Cuir Clib Leis
Gan Chlibeanna, Bí ar an gcéad duine leis an taifead seo a chlibeáil!
Thư viện lưu trữ: Trung tâm Học liệu Trường Đại học Cần Thơ
LEADER 00494nam a2200169Ia 4500
001 CTU_29231
008 210402s9999 xx 000 0 und d
082 |a 333.9534 
082 |b F218 
100 |a IBPGR 
245 0 |a FAO and IBPGR technical guielines for the safe movement of legume germplasm 
245 0 |c IBPGR, FAO 
260 |a Rome 
260 |b FAO 
650 |a plant genetics 
904 |i Nguyễn Quang Điền, 990315 
980 |a Trung tâm Học liệu Trường Đại học Cần Thơ